| 000 | 01410cam a2200145 4500500 | ||
|---|---|---|---|
| 005 | 20260329023236.0 | ||
| 041 | _afre | ||
| 042 | _adc | ||
| 100 | 1 | 0 |
_aDuroselle, Jean-Baptiste _eauthor |
| 700 | 1 | 0 |
_aKaspi, André _eauthor |
| 245 | 0 | 0 | _aHistoire des relations internationales : De 1945 à nos jours |
| 260 |
_bArmand Colin,
_c2017. |
||
| 520 | _aAu lendemain de la Seconde Guerre mondiale, commence une guerre froide qui oppose les États-Unis et l’Union soviétique. Le monde est devenu bipolaire. Chacun des deux supergrands rassemble derrière lui des alliés et des clients. D’un côté, le camp socialiste : de l’autre, le monde libre. Bientôt apparaît une troisième force, qui tente de garder ses distances à l’égard des deux pôles principaux. L’Union soviétique disparaît en 1991. Le temps de la guerre froide prend fin. Que sera le XXIe siècle ? Sur tous les continents, des poudrières peuvent mettre ou ont déjà mis à feu et à sang des États, des régions, des villes. Partout, le terrorisme menace et tue. Face à la mondialisation de l’économie, de l’information, de la culture, les États-Unis, la Russie, la Chine ne veulent plus ou ne peuvent pas imposer des règles. Un monde bouleversé, incertain suscite l’angoisse. | ||
| 856 | 4 | 1 | _uhttps://shs.cairn.info/histoire-des-relations-internationales--9782200601744?lang=fr&redirect-ssocas=7080 |
| 999 |
_c1925755 _d1925755 |
||